Detalles MARC
| 000 -LEADER |
| fixed length control field |
01271nam a2200349 a 4500 |
| 001 - CONTROL NUMBER |
| control field |
000002698 |
| 003 - CONTROL NUMBER IDENTIFIER |
| control field |
DO-SdBNP |
| 005 - DATE AND TIME OF LATEST TRANSACTION |
| control field |
20150512152139.0 |
| 007 - PHYSICAL DESCRIPTION FIXED FIELD--GENERAL INFORMATION |
| fixed length control field |
000002698 |
| 008 - FIXED-LENGTH DATA ELEMENTS--GENERAL INFORMATION |
| fixed length control field |
090703s2001 dr 000 0 spa d |
| 020 ## - INTERNATIONAL STANDARD BOOK NUMBER |
| International Standard Book Number |
9993483966 |
| 040 ## - CATALOGING SOURCE |
| Original cataloging agency |
BPMET |
| Transcribing agency |
spa |
| Language of cataloging |
BPMET |
| 092 ## - LOCALLY ASSIGNED DEWEY CALL NUMBER (OCLC) |
| Classification number |
972.9362 |
| Item number |
T822m |
| 245 00 - TITLE STATEMENT |
| Title |
Tributos a Moca / |
| Statement of responsibility, etc. |
Julio Jaime Julia, compilador ;José Rafael Vargas y Tomás Castro Burdiez, editores. |
| 260 ## - PUBLICATION, DISTRIBUTION, ETC. (IMPRINT) |
| Place of publication, distribution, etc. |
Santo Domingo : |
| Name of publisher, distributor, etc. |
El Siglo, |
| Date of publication, distribution, etc. |
2001. |
| 300 ## - PHYSICAL DESCRIPTION |
| Extent |
120 p. ; |
| Dimensions |
21 cm. |
| 500 ## - GENERAL NOTE |
| General note |
Incluye índice |
| 500 ## - GENERAL NOTE |
| General note |
Incluye datos biográficos del compilador en la contracubierta |
| 650 #4 - SUBJECT ADDED ENTRY--TOPICAL TERM |
| Topical term or geographic name as entry element |
MOCA (REPÚBLICA DOMINICANA) |
| General subdivision |
HISTORIA LOCAL |
| 650 #4 - SUBJECT ADDED ENTRY--TOPICAL TERM |
| Topical term or geographic name as entry element |
MOCA (REPÚBLICA DOMINICANA) |
| General subdivision |
VIDA SOCIAL Y COSTUMBRES |
| 650 #4 - SUBJECT ADDED ENTRY--TOPICAL TERM |
| Topical term or geographic name as entry element |
CIUDADES Y PUEBLOS |
| Geographic subdivision |
REPÚBLICA DOMINICANA |
| 700 1# - ADDED ENTRY--PERSONAL NAME |
| Personal name |
Julia, Julio Jaime, |
| Titles and other words associated with a name |
comp. |
| 700 1# - ADDED ENTRY--PERSONAL NAME |
| Personal name |
Vargas, José Rafael |
| Titles and other words associated with a name |
ed. |
| 700 1# - ADDED ENTRY--PERSONAL NAME |
| Personal name |
Castro Burdiez, Tomás |
| Titles and other words associated with a name |
ed. |
| 910 ## - USER-OPTION DATA (OCLC) |
| User-option data |
Validado. Control de calidad BNPHU |
| 930 #1 - EQUIVALENCE OR CROSS-REFERENCE-UNIFORM TITLE HEADING [LOCAL, CANADA] |
| Language of a work |
BND01 |
| Medium of performance for music |
LF1 |
| Medium |
972.9362 |
| Field link and sequence number |
20090703 |
| Date of a work |
01 |
| Name of part/section of a work |
CT |
| Miscellaneous information |
476 |
| 942 ## - ADDED ENTRY ELEMENTS (KOHA) |
| Source of classification or shelving scheme |
Dewey Decimal Classification |
| Koha item type |
Libros |
| 956 ## - LOCAL ELECTRONIC LOCATION AND ACCESS (OCLC) |
| Host name |
SARMENTERO |
| Access number |
10 |
| Compression information |
20090703 |
| Logon |
BND01 |
| Processor of request |
1224 |
| 956 ## - LOCAL ELECTRONIC LOCATION AND ACCESS (OCLC) |
| Host name |
KLANTIGUA |
| Access number |
10 |
| Compression information |
20090710 |
| Logon |
BND01 |
| Processor of request |
1452 |
| 956 ## - LOCAL ELECTRONIC LOCATION AND ACCESS (OCLC) |
| Host name |
ARIVERA |
| Access number |
10 |
| Compression information |
20090904 |
| Logon |
BND01 |
| Processor of request |
1537 |
| 956 ## - LOCAL ELECTRONIC LOCATION AND ACCESS (OCLC) |
| Host name |
MMOLINA |
| Access number |
40 |
| Compression information |
20090915 |
| Logon |
BND01 |
| Processor of request |
1541 |